Sports Quiz

Random Sports or Soccer Quiz

English football league 1 teams (2016-17) Quiz Stats

Quiz not verified by Sporcle

Challenge
Share
Tweet
Embed
Score 0/24 Timer 05:00
0 Plays Today
League position 2015-16 Answer % Correct
11th (league 1)Sheffield United
80.6%
24th (championship)Bolton Wanderers
77.4%
8th (league 1)Coventry City
71%
14th (league 1)Bury
71%
22nd (championship)Charlton Athletic
67.7%
4th (league 1)Millwall
67.7%
5th (league 1)Bradford City
67.7%
9th (league 1)Gillingham
67.7%
7th (league 2)AFC Wimbledon
67.7%
23rd (championship)Milton Keynes Dons
64.5%
3rd (league 1)Walsall
64.5%
7th (league 1)Scunthorpe United
64.5%
League position 2015-16 Answer % Correct
10th (league 1)Rochdale
58.1%
12th (league 1)Port Vale
58.1%
15th (league 1)Southend United
58.1%
16th (league 1)Swindon Town
58.1%
18th (league 1)Chesterfield
58.1%
2nd (league 2)Oxford United
58.1%
13th (league 1)Peterborough United
54.8%
17th (league 1)Oldham Athletic
54.8%
1st (league 2)Northampton Town
54.8%
3rd (league 2)Bristol Rovers
54.8%
20th (league 1)Shrewsbury Town
48.4%
19th (league 1)Fleetwood Town
45.2%

You're not logged in!

Compare scores with friends on all Sporcle quizzes.
Sign Up with Email
OR
Log In

You Might Also Like...

Show Comments

Extras

Top Quizzes Today


Score Distribution

Your Account Isn't Verified!

In order to create a playlist on Sporcle, you need to verify the email address you used during registration. Go to your Sporcle Settings to finish the process.